000 00723nam a2200205 4500
008 170519b xxu||||| |||| 00| 0 eng d
020 _a0-8013-0449-0
082 _21991
_aDC 342.730853
_bM58
100 _920921
_aMiddleton, Kent
245 _aThe law of public communication /
_cKent R. Middleton, Bill F. Chamberlin
250 _aSecond Edition
260 _aNew York :
_bLongman Publishing Group,
_c©1991.
300 _axiii, 679 pages;
_c24 cm.
500 _aIncludes bibliographical references.
650 0 _920922
_aFreedom of the press
_zUnited States
650 0 _920923
_aPress law
_zUnited States
650 0 _920924
_aFreedom of speech
_zUnited States
700 _920925
_aChamberlin, Bill
942 _2ddc
_cDC
999 _c6908
_d6908